000 00320nam a22001337a 4500
008 180206b xxu||||| |||| 00| 0 eng d
020 _a0566005816
041 _aeng
080 _a658
100 _a54
101 _aLID
245 _aOrganizational Structures and National Contigencies
_cMansfield, R
942 _2udc
_cBK
999 _c41866
_d41866